Faktory míry materiální deprivace v České republice a jejich vztahy k typu domácností

Analýza materiálnej deprivácie na základe dát získaných v roku 2011 v rámci šetrenia "Životné podmienky", do ktorého boli zahrnuté domácnosti ČR.

Salvato in:
Dettagli Bibliografici
Autore principale: Řezanková, Hana
Altri autori: Želinský, Tomáš
Natura: Capitolo di libro
Lingua:ceco
Soggetti:
Tags: Aggiungi Tag
Nessun Tag, puoi essere il primo ad aggiungerne!!

MARC

LEADER 00000naa a2200000 4500
001 0188929
005 20251204124855.4
041 0 |a cze 
044 |a SK 
245 1 0 |a Faktory míry materiální deprivace v České republice a jejich vztahy k typu domácností  |c Hana Řezánková, Tomáš Želinský 
520 |a Analýza materiálnej deprivácie na základe dát získaných v roku 2011 v rámci šetrenia "Životné podmienky", do ktorého boli zahrnuté domácnosti ČR. 
610 2 0 |a domácnosti 
610 2 0 |a Česko 
610 2 0 |a deprivácia 
610 2 0 |a deprivácia materiálna 
610 2 0 |a podmienky životné 
100 1 |a Řezanková, Hana 
700 1 |a Želinský, Tomáš